00975 2200325 4500001002100000005001500021035002000036007000300056008004100059020002200100040002200122082001600144084001800160090002200178090002200200100002800222245009500250250003000345300003000375700003100405850001200436041000800448264004500456336002100501337003000522338002300552999002200575650003000597990002200627INLIS00000000084992020191106095004 a0010-0719000921ta190729s2019 yoi g ind d a978-623-7089-28-5 aYOPDYOGbinderda04223a808.301 a808.301 NAJ a aDEP 808.301 NAJ a aCB-D.11 2019-10020 aNajhaty Sharmaepenulis10aAntologi cerpen kupu-kupu marrakech /cpenulis, Najhaty Sharma; editor, Nurul Farida Wijdi aCetakan pertama: Mei 2019 avii, 183 halaman ;c21 cm0 aNurul Farida Wajdieeditor aYOPDYOG0 aind 1aYogyakarta :bLembaga Ladang Kota,c2019 2rdacontentateks 2rdamediaatanpa perantara 2rdacarrieravolume aCB-D.11/2019-1002 4aCerita pendek--xkumpulan aCB-D.11/2019-1002